Statistics for Studio C Characters

Click here to take the quiz!

General Stats

  • This quiz has been taken 11 times
  • The average score is 12 of 50

Answer Stats

#Answer% Correct
1Ann Withers
80%
10Captain Literally
70%
28Lady Shadow
70%
2Awkward Avoidance Viking
60%
27Kyle
60%
30Lobster Bisque
60%
43SCOTT STERLING!!!
60%
11Captain Irony
50%
8Batman
40%
44Shoulder Angel
40%
47Superman
40%
3Aww Yeah Girl
30%
26King Warrick
30%
35Mr. Eckelstone
30%
46Star Feraldo
30%
48Susan Weeber
30%
4Baby Spencer
20%
16Gary and Carl
20%
17Great Britain
20%
22Jedidiah Diligence Breckenridge III
20%
31Mad Scientist
20%
33Marcus
20%
41Queen Iona
20%
45Sir Francis "Franny" François
20%
50U.S.A.
20%
5Bad Extra
10%
6Bad Karma Girl
10%
7Barnaby Smith
10%
9Black Crayon
10%
12Collin
10%
13Darth Sidious
10%
14Dr. Friedrich Schneider
10%
15Dr. Shoemaker
10%
18Green Crayon
10%
19Igor
10%
21Jayden Miller
10%
23Jenny (Kindergartener)
10%
24Johnny Smith
10%
25Kayden Thompson
10%
29Leo the Kiosk Salesman
10%
32Madysen
10%
34Martha May Smith
10%
36Mr. Smith
10%
37Mrs. Smith
10%
39Ottoman Emperor
10%
42Sawyer
10%
49Tanner (Kindergartener)
10%
20the Janitor
10%
38the Old Man
10%
40the Pilot
10%

Score Distribution

Percentile by Number Answered

Percent of People with Each Score

Your Score History

You have not taken this quiz